00462 2200181 4500001002100000005001500021035002000036245005300056100002000109250000600129300003400135260003900169082001200208084001900220020000600239650001800245990001700263INLIS00000000000132720190910023622 a0010-09190000311 aKisah Nyata 25 Nabi dan Rosul /cMB Rahimsyah AR0 aMB Rahimsyah AR a- a128 hlm. :bilus. ;c20,7 cm. aSurabaya :bPutra Bahari,c[ s.a ] a297.246 a297.246 RAH k a- aKisah 25 Nabi a04667/H/2018